000 01613nam a2200241 a 4500
001 20510
003 CO-ViMGA
008 141112s2004 ck r 000 u spa d
020 _a9702604486
040 _aCO-ViMGA
_bspa
_cCO-ViMGA
082 0 4 _a621.311921 B695i
100 1 _aBoylestad, Robert L.
_929658
245 1 0 _aIntroducción al análisis de circuitos
250 _a10
260 _aMexico :
_bPearson Educación,
_c2004
300 _a1228p
505 _aIntroducción 1 - - Corriente y Voltaje 31 - - Resistencia 59 - - Ley de Ohm, potencia y energia 97 - - Circuitos en serie 129 - - Circuitos en paralelo 169 - - Redes en serie - paralelo 213 - - Metodos de análisis y temas seleccionados 255 - - Teoremas de redes 321 - - Capacitores 375 - - Circuitos magneticos 435 - - Inductores 473 - - Formas de ondas senoidales alternas 521 - - Los elementos básicos y los fasores 575 - - Circuitos de ca en serie y en paralelo 629 - - Redes de ca en serie - paralelo 709 - - Metodos de análisis y temas seleccionados 743 - - Teoremas de redes 791 - - Potencia 489 - - Resonancia 887 - - Transformadores 935 - - Sistemas polifásicos 977 - - Decibeles, filtros y diagramas de Bode 1017 - - Formas de onda de pulso y la respuesta R - C 1093 - - Circuitos no senoides 1123 - - Análisis de sistemas : una introducción 1149
590 _aForma de adquisición : Compra fact. 0540 - - Precio : 89900 - - Proveedor : Temas y libros - - Fecha de adquisición : Abril 2006
650 1 4 _aCALCULO OPERACIONAL
_929659
650 1 4 _aCIRCUITOS ELECTRICOS
650 1 4 _aCIRCUITOS ELECTRONICOS
942 _2ddc
_cBK
999 _c29504
_d29504